Equipes vencedoras da NBA - Statistics

Estatísticas Gerais
  • Esse quiz foi jogado 336 vezes
  • A pontuação média é 15 de 20
Estatísticas das Respostas
Dica Resposta % Correto
17 Títulos Los Angeles Lakers
99%
17 Títulos Boston Celtics
98%
7 Títulos Golden State Warriors
96%
6 Títulos Chicago Bulls
95%
5 Títulos San Antonio Spurs
89%
3 Títulos Miami Heat
87%
2 Títulos Milwaukee Bucks
83%
3 Títulos Detroit Pistons
78%
2 Títulos New York Knicks
77%
3 Títulos Philadelphia 76ers
77%
1 Título Toronto Raptors
77%
1 Título Cleveland Cavaliers
76%
1 Título Dallas Mavericks
76%
2 Títulos Houston Rockets
76%
1 Título Oklahoma City Thunder
67%
1 Título Atlanta Hawks
66%
1 Título Sacramento Kings
62%
1 Título Portland Trail Blazers
57%
1 Título Washington Wizards
55%
1 Título Baltimore Bullets
21%
Nenhum quiz correspondente encontrado
Distribuição das Pontuações
Porcentagem de Pessoas com Cada Pontuação
Percentil de Números Respondidos
Sua Pontuação Histórica
Você não jogou esse quiz